00708nam a2200217Ia 4500003000900000008004100009020001800050040001600068080001200084100002100096245011500117250001200232260003100244300001600275650001800291650004100309700002100350942000700371999001500378952009700393IN-BaIIA211028s9999 xx 000 0 eng d a0-85274-466-8 cIIA Library a52bROY aRoy, A. E.99627 0aAstronomybstructure of the universecA. E. Roy and D. Clarke  a2nd ed. aBristolbAdam Hilgerc1982 axiii, 296p. aAstronomy980 aAstronomy and astrophysics thesaurus aClarke, D.99628 cBK c7971d7971 00104070aBANbKAVcGENd1984-10-15l0o52/ ROYp8794r2021-11-05w1984-10-15yBKG£ 9.95